000
00217nam a22000857a 4500
008
170209b xxu||||| |||| 00| 0 eng d
100
_9
2838
_a
Davidson. S
245
_a
Dear Mensch
260
_a
London
_b
Dorling Kindersley
_c
2002
999
_c
6054
_d
6054